| 000 | 00780nam a2200205 a 4500 | ||
|---|---|---|---|
| 008 | 120416s1977 ||||||||||||||||| || u | ||
| 020 | _a0471187577 | ||
| 050 | _aHF 5438.25 Cri | ||
| 100 | _aCrissy, William Joseph Elliot | ||
| 245 | 1 | 0 | _aSelling: the personal force in marketing |
| 260 |
_aNew York: _bWiley/Hamilton _c1977 |
||
| 300 | _a(xii), 491p.: ill. | ||
| 350 | _a0.00 | ||
| 490 | _aWiley/Hamilton series in marketing | ||
| 500 | _a"A Wiley/Hamilton publication." -Includes bibliographies and index. | ||
| 650 | 0 | _aSELLING | |
| 700 | _aCunningham, Isabella C. M | ||
| 700 | _aCunningham, William Hughes | ||
| 995 |
_D0.00 _FCBU-MAIN LIBRARY (Kitwe) _H1 _I30.45 _UAVAILABLE _ZMain Library Open Access Collection |
||
| 999 |
_c57291 _d57291 |
||